Trade and environment : Difficult policy choices at the interface (Record no. 42047)

MARC details
000 -LEADER
fixed length control field 00310nam a2200109Ia 4500
082 ## - DEWEY DECIMAL CLASSIFICATION NUMBER
Classification number 339
Item number KHA
245 #0 - TITLE STATEMENT
Title Trade and environment : Difficult policy choices at the interface
260 ## - PUBLICATION, DISTRIBUTION, ETC. (IMPRINT)
Place of publication London
Name of publisher Zed Books
Year of publication 2002
700 ## - ADDED ENTRY--PERSONAL NAME
Personal name Khan, Shahrukh Rafi
942 ## - ADDED ENTRY ELEMENTS (KOHA)
Koha item type Books
Holdings
Withdrawn status Lost status Damaged status Not for loan Home library Current library Date acquired Cost, normal purchase price Full call number Accession Number Koha item type
        RRII Library RRII Library 16/12/2021 15.95 339 KHA 22326 Books